| 000 | 00409pab a2200133 454500 | ||
|---|---|---|---|
| 008 | 180718b xxu||||| |||| 00| 0 eng d | ||
| 100 | _aToby Adolphus J. | ||
| 245 | _aPractical problems in privatisation the Nigerian experience | ||
| 362 | _a73(290) Jan 93, p.359-70 | ||
| 650 | _a Privatisation -- Nigeria | ||
| 650 | _aGovernment Enterprise -- Nigeria | ||
| 773 | _aIndian Journal of Economic | ||
| 909 | _a24904 | ||
| 999 |
_c24904 _d24904 |
||